| 000 | 00592nam a2200229Ia 4500 | ||
|---|---|---|---|
| 008 | 160517s9999 xx 000 0 und d | ||
| 020 | _a978-981-4314-73-2 | ||
| 050 | _aComSc QA 76.5 | ||
| 050 | _b.M67 2010 | ||
| 100 | _aMorley, Deborah. | ||
| 245 | _aUnderstanding computers / | ||
| 245 | _cDeborah Morley, Charles S. Parker. | ||
| 260 | _aSingapore : | ||
| 260 | _bCengage Learning Asia Pte Ltd., | ||
| 260 | _c2010 | ||
| 300 | _a1040 pages : | ||
| 300 | _bill. ; | ||
| 300 | _c23 cm. | ||
| 500 | _aIncludes index. | ||
| 650 | _aComputers. | ||
| 650 | _xComputer software. | ||
| 999 |
_c294136 _d294136 |
||